000 00776nam a2200241 i 4500
001 52706
003 ES-MaACL
005 20240418095701.0
007 t|
008 030903s1973 sp ||||1| spa d
020 _a84-249-0523-7
100 1 _aDebicki, Andrew P.
_943122
245 1 3 _aLa poesía de Jorge Guillén /
_cAndrew P. Debicki.
260 _aMadrid :
_bGredos,
_c[1973]
300 _a360 p. ;
_c20 cm.
490 1 _aBiblioteca románica hispánica II. Estudios y ensayos ;
_v197
500 _aÍndice.
504 _aBibliografía.
600 1 4 _aGuillén, Jorge,
_d1893-1984-
_xCrítica e interpretación
_960768
830 1 _aBiblioteca románica hispánica II. Estudios y ensayos ;
_v197
_9178108
852 _aES-MaACL
_jL-10680
999 _c52706
_d52706